| 000 | 00635nam a22001937a 4500 | ||
|---|---|---|---|
| 999 |
_c20486 _d20486 |
||
| 003 | AR-CdUCM | ||
| 008 | 190530b ||||| |||| 00| 0 spa d | ||
| 040 |
_aMUNICIPALIDAD PROVINCIAL DEL CUSCO _cBIBLIOTECA MUNICIPAL DEL CUSCO |
||
| 082 |
_a869.56 / _bT331 |
||
| 100 |
_aTejada Manrique, Juan Marcial _91177 |
||
| 245 | _aVertiente / | ||
| 260 |
_aLima : _bNuestra señora de la Merced, _c1993. |
||
| 300 |
_a198 páginas ; _c21 cm. |
||
| 505 | _aContenido: Introducción -- Intrínsecas -- Nocturnos -- Externas. | ||
| 650 |
_aPoesías peruanas _91481 |
||
| 650 |
_aSiglo XX _98 |
||
| 942 |
_2ddc _cLIBROS |
||
| 945 |
_adavv _d2019-05-30 |
||